01377 a2200229 4500003000500000005001700005010001600022020002600038020002400064040000900088082001500097100002100112245014000133260005100273300003200324440003200356505062600388650004401014650004301058700002301101740002301124Nust20221215110141.0 a 89026081 a038750561X (New York) a354050561X (Berlin) cNust00a538.3, SAV1 aSavchenko, M. A.10aFluctuational superconductivity of magnetic systems /cM.A. Savchenko, A.V. Stefanovich ; [translators, Ram S. Wadhwa, Natalie Wadhwa]. aBerlin ;aNew York :bSpringer-Verlag,cc1990. aix, 258 p. :bill. ;c25cm. 0aResearch reports in physics aIntroduction (Page-1), Exchange Enhancement Effect During Phase Transitions Magnetically Crystals (Page-16), Phase Lamination and the Exchange Enhancement Effect (Page-45), Superconducting Phases in Rare-Earth Metal Compounds Phenomenological Theory (Page-75), Theory of High-Temperature Superconducting Phase in Rare Earth Metal Compounds (Page-100), Solutions in the Theory of Superconductivity of Magnetic System (Page-112), Spin Glasses Based on Rare –Earth Metal Compounds (Page-133), High Temperature Superconducting Ceramics (Page-169), Theory of High Temperature Superconductivity of Polymer Systems (Page-234). 0aRare earth metalsxMagnetic properties. 0aSuperconducting magnetsxFluctuations.1 aStefanovich, A. V.0 aSuperconductivity.